Statistics for Biblical People Whose Names Begin with R

Click here to take the quiz!

General Stats

  • This quiz has been taken 46 times
  • The average score is 4 of 9

Answer Stats

HintAnswer% Correct
Moabite woman, daughter-in-law of Naomi and rescued by BoazRuth
95%
Wife of JacobRachel
92%
Mother of JacobRebekah
59%
First-born of JacobReuben
54%
Prostitute who lived on the walls of JerichoRahab
54%
King, son of Solomon. The kingdom was divided during his reignRehoboam
43%
Servant who recognised Peter once he had left prisonRhoda
19%
Man with a Greek name whom Paul greets in Romans 16Rufus
11%
Syrian man, adversary of Israel as long as Solomon livedRezon
3%

Score Distribution

Percentile by Number Answered

Percent of People with Each Score

Your Score History

You have not taken this quiz